| 000 | 01861cam a22004337a 4500 | ||
|---|---|---|---|
| 003 | CHAP | ||
| 005 | 20220329135129.0 | ||
| 008 | 971013s1977 r 00010 d | ||
| 010 | _a31401 | ||
| 011 | _a32373 | ||
| 035 | _a36488 | ||
| 040 | _cCHAP | ||
| 082 |
_a583.97 _bM37 |
||
| 100 | 0 | 0 |
_aMartínez, Maximino. _972693 |
| 245 | 1 | 4 | _aLos encinos de México |
| 260 |
_aMorelia, Mich. : _b(Comisión Forestal del Estado de Michoacán), _c1977 |
||
| 300 |
_a230 p. _b: ilus |
||
| 490 | 0 |
_aSerie técnica. Manejo _v; 8 |
|
| 500 | _aPublicado originalmente en: Anales del instituto de Biología. México | ||
| 590 |
_aBATCH-UPD _b10 _c20130110 _lUCH01 _h1535 |
||
| 590 |
_aBATCH-UPD _b10 _c20130410 _lUCH01 _h0940 |
||
| 590 |
_aBATCH-UPD _b10 _c20130914 _lUCH01 _h1802 |
||
| 590 |
_aCONVERSION _b10 _c20130109 _lUCH01 _h1318 |
||
| 650 | 1 | 4 |
_aQuercus. _993173 |
| 830 | 0 |
_aSerie técnica. Manejo _v; 8 _9105065 |
|
| 901 | _aBK | ||
| 942 | _cLIBRO | ||
| 949 |
_a583.97 M37 _bBC _cLIBRO _d33724000360731 _eLIBRO _fc.9 _h46862 _i36488 _so |
||
| 949 |
_a583.97 M37 _bBC _cLIBRO _d33724000360749 _eLIBRO _fc.10 _h46863 _i36488 _si |
||
| 949 |
_a583.97 M37 _bBC _cLIBRO _d33724000360756 _eLIBRO _fc.11 _h46864 _i36488 _si |
||
| 949 |
_a583.97 M37 _bBC _cLIBRO _d33724000448577 _eLIBRO _fc.8 _h46861 _i36488 _si |
||
| 949 |
_a583.97 M37 _bBC _cLIBRO _d33724000448585 _eLIBRO _fc.7 _h46860 _i36488 _si |
||
| 949 |
_a583.97 M37 _bBC _cLIBRO _d33724000448593 _eLIBRO _fc.6 _h46859 _i36488 _si |
||
| 949 |
_a583.97 M37 _bBC _cLIBRO _d33724000448601 _eLIBRO _fc.5 _h46858 _i36488 _si |
||
| 949 |
_a583.97 M37 _bBC _cLIBRO _d33724000448619 _eLIBRO _fc.4 _h46857 _i36488 _mD _si |
||
| 949 |
_a583.97 M37 _bBC _cLIBRO _d33724000448627 _eLIBRO _fc.3 _h46856 _i36488 _mD _so |
||
| 949 |
_a583.97 M37 _bBC _cLIBRO _d33724000448635 _eLIBRO _fc.2 _h46855 _i36488 _mD _so |
||
| 949 |
_a583.97 M37 _bBC _cLIBRO _d33724000448643 _eLIBRO _h44687 _i36488 _mD _si |
||
| 999 |
_c31401 _d31401 |
||